00659 2200193 4500001002100000005001500021035002000036007000300056008003900059082001700098084002300115100001800138245013900156260008200295300004400377650001100421600002000432022001300452INLIS00000000000116920250205084649 a0010-0225000007ta250205 | | |  a631.53-633.1 a631.53-633.1 FAD n0 aFadjry Djufry1 aNormalized Difference Vegetation Index Analysis to Evaluate Corn Cultivation Technology Based on Farmer Participation /cFadjry Djufry aIndonesia, Jogjakarta :bUniversitas Gadjah Mada, Faculty of Geography,c2022 a247-253 hlm, :bIlus ;c21 cm x 29,7 cm 4aJurnal 4aBudidaya Jagung a23549114